skbl

Dr Suryya Kumar Bhuyan Library Web-OPAC
ডঃ সূৰ্য্য
কুমাৰ ভূঞা পুথিভঁৰাল ৱেব-অ'পেক

All Research Scholars are advised to clear the annual library fees to continue using Library Resources, Remote Access, Plagiarism Test and Library Clearance.

Cotton University Book Fair 2026

English Prose Selection / (Record no. 19323)

MARC details
000 -LEADER
fixed length control field 01005nam a2200409Ia 4500
001 - CONTROL NUMBER
control field 19341
005 - DATE AND TIME OF LATEST TRANSACTION
control field 20240113235926.0
007 - PHYSICAL DESCRIPTION FIXED FIELD--GENERAL INFORMATION
fixed length control field ta
008 - FIXED-LENGTH DATA ELEMENTS--GENERAL INFORMATION
fixed length control field 060207s1979 a g b000 u 465 u
040 ## - CATALOGING SOURCE
Original cataloging agency Cotton College,Assam
041 ## - LANGUAGE CODE
Language code of text/sound track or separate title 465
082 ## - DEWEY DECIMAL CLASSIFICATION NUMBER
Classification number 820
Item number G 235 En
100 ## - MAIN ENTRY--PERSONAL NAME
Personal name , .
110 ## - MAIN ENTRY--CORPORATE NAME
Corporate name or jurisdiction name as entry element Gauhati University .
Location of meeting (Guwahati )
245 #0 - TITLE STATEMENT
Title English Prose Selection /
Statement of responsibility, etc. Gauhati University.
Medium Textual Documents
250 ## - EDITION STATEMENT
Edition statement Reprint /
260 ## - PUBLICATION, DISTRIBUTION, ETC.
Place of publication, distribution, etc. Madras :
Name of publisher, distributor, etc. Macmillan and Co ,
Date of publication, distribution, etc. 1979.
300 ## - PHYSICAL DESCRIPTION
Extent 304p. :
Other physical details ill ;
Dimensions 17cm .
653 ## - INDEX TERM--UNCONTROLLED
Uncontrolled term English Literature
653 ## - INDEX TERM--UNCONTROLLED
Uncontrolled term Literature-English
653 ## - INDEX TERM--UNCONTROLLED
Uncontrolled term G-English
653 ## - INDEX TERM--UNCONTROLLED
Uncontrolled term T-G(English Litrature)
653 ## - INDEX TERM--UNCONTROLLED
Uncontrolled term T/G-English
653 ## - INDEX TERM--UNCONTROLLED
Uncontrolled term T/Ms-English
653 ## - INDEX TERM--UNCONTROLLED
Uncontrolled term T/G-English
942 ## - ADDED ENTRY ELEMENTS (KOHA)
Source of classification or shelving scheme Dewey Decimal Classification
Koha item type Books
Holdings
Withdrawn status Lost status Damaged status Not for loan Collection Home library Current library Date acquired Coded location qualifier Total checkouts Full call number Barcode Date last seen Copy number Price effective from Koha item type
          Dr. Suryya Kumar Bhuyan Library Dr. Suryya Kumar Bhuyan Library 01/02/2012 00000   820 G 235 En 78467 13/01/2024 5 01/02/2012 Books
          Dr. Suryya Kumar Bhuyan Library Dr. Suryya Kumar Bhuyan Library 01/02/2012 00000   820 G 235 En 53617 13/01/2024 2 01/02/2012 Books
          Dr. Suryya Kumar Bhuyan Library Dr. Suryya Kumar Bhuyan Library 01/02/2012 00000   820 G 235 En 56190 13/01/2024 1 01/02/2012 Books
          Dr. Suryya Kumar Bhuyan Library Dr. Suryya Kumar Bhuyan Library 01/02/2012 00000   820 G 235 En 56194 13/01/2024 3 01/02/2012 Books
          Dr. Suryya Kumar Bhuyan Library Dr. Suryya Kumar Bhuyan Library 01/02/2012 00000   820 G 235 En 71014 13/01/2024 9 01/02/2012 Books
          Dr. Suryya Kumar Bhuyan Library Dr. Suryya Kumar Bhuyan Library 01/02/2012 00000   820 G 235 En 74336 13/01/2024 8 01/02/2012 Books
          Dr. Suryya Kumar Bhuyan Library Dr. Suryya Kumar Bhuyan Library 01/02/2012 00000   820 G 235 En 74338 13/01/2024 7 01/02/2012 Books
          Dr. Suryya Kumar Bhuyan Library Dr. Suryya Kumar Bhuyan Library 01/02/2012 00000   820 G 235 En 74369 13/01/2024 6 01/02/2012 Books
          Dr. Suryya Kumar Bhuyan Library Dr. Suryya Kumar Bhuyan Library 01/02/2012 00000   820 G 235 En 78466 13/01/2024 4 01/02/2012 Books

Designed and Maintained by Team SKBL
©1901-2026

Powered by Koha